| 000 | 00489nam a22001332 4500 | ||
|---|---|---|---|
| 001 | 000001171 | ||
| 005 | 20200929145508.0 | ||
| 008 | 910619s1949 cu 000 0 spa | ||
| 040 |
_aDO-SdBNP _bspa _cBNPHU |
||
| 100 | 2 |
_aPiedra-Bueno, Andres de, _d1903- [from old catalog] _93994 |
|
| 245 | 0 | 3 |
_aLa poesia, umbral y dosel de la historia; : _btrabajo leido en recepcion publica, el dia 22 de diciembre de 1949. |
| 260 |
_aLa Habana, : _bImpr. "El Siglo XX," Muniz Hnos., _c1949. |
||
| 300 | _a37 p. | ||
| 999 |
_c1124 _d1124 |
||